000 00437nam a2200181Ia 4500
003 GCL
008 140319s9999 xx 000 0 eng d
040 _aGCL /
_cGCL
082 0 4 _a621.402
_bK C
100 1 _aKAKAC, SADIK
245 1 0 _aCONVECTIVE HEAT TRANSFER /
_cKAKAC, SADIK
700 1 _aYENER, YAMAN
260 _a[S.N] :
_bCRC PRESS ،
_c1995
300 _a421 P
650 0 4 _aHEAT
650 0 4 _aCONVECTIVE
942 _2ddc
_cBK
999 _c10656
_d10656